|
|
|
|
| LEADER |
01055nam a2200277 a 4500 |
| 001 |
4903099 |
| 008 |
091220s1993 ii b 001 0 eng d |
| 010 |
|
|
|a 93910422
|
| 020 |
|
|
|a 8170245710
|
| 020 |
|
|
|a 8170245702 (set)
|
| 040 |
|
|
|a DLC
|c DLC
|c BD-DhAAL
|
| 082 |
0 |
0 |
|a 333.76/0954
|2 20
|
| 100 |
1 |
|
|a Verma, Binoy Nath,
|d 1946-
|
| 245 |
1 |
0 |
|a Agrarian relation in transition :
|b Caste/class relation and dynamics of land transfer /
|c Binoy N. Verma.
|
| 260 |
|
|
|a New Delhi :
|b Ashish Pub. House,
|c 1993.
|
| 300 |
|
|
|a xviii, 170 p. ;
|c 23 cm.
|
| 362 |
0 |
|
|v olume I
|
| 490 |
0 |
|
|a Agrarian relation in transition series ;
|v vol. 1
|
| 504 |
|
|
|a Includes bibliographical references (p. [165]-167) and index.
|
| 541 |
1 |
|
|e 00010831
|
| 650 |
|
0 |
|a Land tenure
|z India.
|
| 650 |
|
0 |
|a Social classes
|z India.
|
| 650 |
|
0 |
|a Caste
|z India.
|
| 852 |
4 |
|
|a Ayesha Abed Library
|j General Shelf.
|
| 999 |
|
|
|c 7248
|d 7248
|
| 952 |
|
|
|0 0
|1 0
|2 ddc
|4 0
|6 333_760954000000000_VER_1993
|7 0
|9 7565
|a BRACUL
|b BRACUL
|c GEN
|d 2010-01-28
|l 0
|o 333.760954 VER
|p 3010010831
|r 2010-01-28
|t 1
|w 2010-01-28
|y BK
|